Tratado de derecho procesal civil (Record no. 148151)
[ view plain ]
| 000 -LEADER | |
|---|---|
| fixed length control field | nam a22 7a 4500 |
| 005 - DATE AND TIME OF LATEST TRANSACTION | |
| control field | 20190429132614.0 |
| 008 - FIXED-LENGTH DATA ELEMENTS--GENERAL INFORMATION | |
| fixed length control field | 190408b ag ||||| |||| 00| 0 spa d |
| 050 04 - LIBRARY OF CONGRESS CALL NUMBER | |
| Classification number | KK3827 |
| Item number | R67 1955 |
| 100 1# - MAIN ENTRY--PERSONAL NAME | |
| Personal name | Rosenberg, Leo, |
| Dates associated with a name | 1879-1963, |
| Relator term | autor |
| 240 10 - UNIFORM TITLE | |
| Uniform title | Lehrbuch des deutschen Zivilprozessrechts |
| 245 10 - TITLE STATEMENT | |
| Title | Tratado de derecho procesal civil |
| Statement of responsibility, etc | / Leo Rosenberg ; traducción de Angela Romera Vera ; Supervisión de Eduardo B. Carlos y Ernesto Krotoschin ; dirigida por H. Alsina, E. J. Couture, A. Vélez Mariconde ; subdirector Santiago Sentís Melendo. |
| 250 ## - EDITION STATEMENT | |
| Edition statement | Primera edición |
| 260 ## - PUBLICATION, DISTRIBUTION, ETC. (IMPRINT) | |
| Place of publication, distribution, etc | Buenos Aires : |
| Name of publisher, distributor, etc | Ediciones Jurídicas Europa-América, |
| Date of publication, distribution, etc | 1955 |
| 300 ## - PHYSICAL DESCRIPTION | |
| Extent | 3v. ; |
| Dimensions | 23 cm. |
| 490 0# - SERIES STATEMENT | |
| Series statement | Ciencia del proceso ; |
| Volume number/sequential designation | 27, 28, 29 |
| 505 1# - FORMATTED CONTENTS NOTE | |
| Formatted contents note | Contenido : |
| Title | V.1 Introducción : Teoría general |
| -- | V.2 El procedimiento de sentencia |
| -- | V.3 La ejecución Forzosa, V.4 Embargo preventivo y medidas provisionales de seguridad |
| 650 #7 - SUBJECT ADDED ENTRY--TOPICAL TERM | |
| Source of heading or term | lemb |
| Topical term or geographic name as entry element | Procedimiento civil |
| Geographic subdivision | Alemania |
| 700 1# - ADDED ENTRY--PERSONAL NAME | |
| Personal name | Romera Vera, Angela, |
| Dates associated with a name | 1912-1990, |
| Relator term | traductor |
| 700 1# - ADDED ENTRY--PERSONAL NAME | |
| Personal name | Carlos, Eduardo B. |
| Relator term | supervisión |
| 700 1# - ADDED ENTRY--PERSONAL NAME | |
| Personal name | Krotoschin, Ernesto, |
| Relator term | supervisión |
| 700 1# - ADDED ENTRY--PERSONAL NAME | |
| Personal name | Alsina, Hugo, |
| Relator term | dirigida |
| 700 1# - ADDED ENTRY--PERSONAL NAME | |
| Personal name | Couture, Eduardo Juan, |
| Dates associated with a name | 1904-1956, |
| Relator term | dirigida |
| 700 1# - ADDED ENTRY--PERSONAL NAME | |
| Relator term | Vélez Mariconde, A. |
| Dates associated with a name | dirigida |
| 700 1# - ADDED ENTRY--PERSONAL NAME | |
| Personal name | Sentís Melendo, Santiago, |
| Relator term | subdirector |
| 942 ## - ADDED ENTRY ELEMENTS (KOHA) | |
| Source of classification or shelving scheme | Biblioteca del Cogreso de los Estados Unidos |
| Koha item type | Libro |
| Estado de pérdida | Fuente de clasificación | Estado del daño | No para préstamo | Ubicación permanente | Ubicación actual | Apartado o colección | Fecha de adquisición | Edición | Enumeración de Serie / Cronológica | Dependencia de educación superior (DES) | Área del conocimiento | Clasificación | Código de Barras | Date last seen | Número de copia | Costo por reposición | Tipo de recurso |
|---|---|---|---|---|---|---|---|---|---|---|---|---|---|---|---|---|---|
| Biblioteca del Cogreso de los Estados Unidos | Biblioteca de la Facultad de Derecho y Ciencias Sociales "Felipe J. Tena" | Biblioteca de la Facultad de Derecho y Ciencias Sociales "Felipe J. Tena" | Consulta | 08/04/2019 | 5a ed. | BFD000011231 | Derecho | Ciencias Sociales y Administrativas | KK3827 R67 1955 V.1 | BFD000011231 | 08/04/2019 | 1 | 1.00 | Libro | |||
| Biblioteca del Cogreso de los Estados Unidos | Biblioteca de la Facultad de Derecho y Ciencias Sociales "Felipe J. Tena" | Biblioteca de la Facultad de Derecho y Ciencias Sociales "Felipe J. Tena" | Consulta | 08/04/2019 | 5a ed. | BFD000011232 | Derecho | Ciencias Sociales y Administrativas | KK3827 R67 1955 V.2 | BFD000011232 | 08/04/2019 | 1 | 1.00 | Libro | |||
| Biblioteca del Cogreso de los Estados Unidos | Biblioteca de la Facultad de Derecho y Ciencias Sociales "Felipe J. Tena" | Biblioteca de la Facultad de Derecho y Ciencias Sociales "Felipe J. Tena" | Consulta | 08/04/2019 | 5a ed. | BFD000011233 | Derecho | Ciencias Sociales y Administrativas | KK3827 R67 1955 V.3 y V.4 | BFD000011233 | 08/04/2019 | 1 | 1.00 | Libro |